[Event "Olimpiade 2022 - Open"]
[Site "Chennai"]
[Date "07.08.2022"]
[Round "9.44"]
[Board "1"]
[White "Tagelsir, Abubaker"]
[Black "Zaibi, Amir"]
[Result "1/2-1/2"]
[WhiteTitle "FM"]
[BlackTitle "GM"]
[WhiteElo "2232"]
[BlackElo "2398"]
[WhiteTeam "Sudan"]
[BlackTeam "Tunisia"]
[WhiteFideId "12200875"]
[BlackFideId "5500796"]
[EventDate "2022.07.29"]

1. e4 c5 2. Nf3 Nc6 3. g3 Nf6 4. Nc3 g6 5. Bg2 Bg7 6. O-O O-O 7. d3 d6 8. h3 Rb8
9. Be3 Nd7 10. Qd2 Nd4 11. Ne1 b5 12. Bh6 Bxh6 13. Qxh6 e6 14. Nf3 Nxf3+ 15.
Bxf3 Qf6 16. Bg2 b4 17. Nd1 a5 18. Rb1 Ba6 19. Ne3 Qg7 20. Qh4 Qf6 21. Qh6 Qg7
22. Qh4 Qf6 23. Qh6 1/2-1/2

[Event "Olimpiade 2022 - Open"]
[Site "Chennai"]
[Date "07.08.2022"]
[Round "9.45"]
[Board "4"]
[White "Abdulrahman Mohammad, Al Taher"]
[Black "Kobayashi, Atsuhiko"]
[Result "1-0"]
[WhiteElo "2029"]
[BlackElo "2156"]
[WhiteTeam "United Arab Emirates"]
[BlackTeam "Japan"]
[WhiteFideId "9310258"]
[BlackFideId "7000049"]
[EventDate "2022.07.29"]

1. d4 Nf6 2. c4 e6 3. Nc3 Bb4 4. e3 O-O 5. Bd3 d5 6. cxd5 exd5 7. Ne2 Re8 8. O-O
Bd6 9. Qc2 a6 10. a3 Nbd7 11. b4 c6 12. f3 a5 13. Rb1 axb4 14. axb4 Qb6 15. Kh1
Nf8 16. e4 dxe4 17. fxe4 Be7 18. Bg5 Ng4 19. Bxe7 Rxe7 20. Rf3 Ne6 21. h3 Nxd4
22. Nxd4 Qxd4 23. hxg4 Bxg4 24. Ne2 Qd6 25. Rf2 Re6 26. Kg1 Rh6 27. Qc4 Bxe2 28.
Qxf7+ Kh8 29. e5 Bh5 30. exd6 Bxf7 31. Rxf7 Rxd6 32. Rbf1 g6 33. Be4 Rd4 34. Re7
Kg8 35. b5 Rf8 36. bxc6 Rxf1+ 37. Kxf1 bxc6 38. Bxc6 Rd6 39. Bf3 Rd2 40. Kg1 Rb2
41. Rd7 Rc2 42. Kh2 Rb2 43. Kh3 Rb5 44. Kh4 Re5 45. Bd5+ Kh8 46. g4 h6 47. Kg3
Re1 48. Kf4 Rf1+ 49. Kg3 Rf6 50. Be4 Kg8 51. Rc7 Kh8 52. Bc2 Kg8 53. Kh4 Rb6 54.
Kg3 Rf6 55. Be4 Kh8 56. Rd7 Kg8 57. Bd3 Kh8 58. g5 hxg5 59. Kg4 Rb6 60. Kxg5 Kg8
61. Bxg6 Kf8 62. Rf7+ Kg8 63. Kh6 Rd6 64. Ra7 Kf8 65. Kg5 Rb6 66. Bf5 Rc6 67.
Kf4 Rc5 68. Ke4 Rb5 69. Be6 Rc5 70. Bd5 Rc1 71. Ke5 Re1+ 72. Kd6 Re7 73. Ra2 Re1
74. Rg2 1-0

[Event "Olimpiade 2022 - Open"]
[Site "Chennai"]
[Date "07.08.2022"]
[Round "9.46"]
[Board "1"]
[White "Al Qudaimi, Basheer"]
[Black "Andrianiaina, Heritiana"]
[Result "1-0"]
[WhiteTitle "IM"]
[BlackTitle "CM"]
[WhiteElo "2424"]
[BlackElo "2095"]
[WhiteTeam "Yemen"]
[BlackTeam "Madagascar"]
[WhiteFideId "9400346"]
[BlackFideId "13101048"]
[EventDate "2022.07.29"]

1. e4 c5 2. c4 Nc6 3. Nf3 e5 4. d3 d6 5. h3 f5 6. Nc3 Nf6 7. a3 Be7 8. exf5 Bxf5
9. g4 Be6 10. Bg2 O-O 11. Ng5 Bd7 12. Nd5 Kh8 13. Nxf6 gxf6 14. Ne4 f5 15. gxf5
Bxf5 16. Be3 Rb8 17. Ng3 Be6 18. Bd5 Bxd5 19. cxd5 Nd4 20. Bxd4 cxd4 21. b4 Rf4
22. Rg1 Qc8 23. Rc1 Qxh3 24. Rc2 Rg8 25. Qe2 Bd8 26. Rh1 Qd7 27. Qh5 Rg5 28. Qh6
Kg8 29. Ne4 Rg6 30. Qh3 Qxh3 31. Rxh3 Rf8 32. Rg3 Rxg3 33. fxg3 Bb6 34. Ke2 Rd8
35. a4 a5 36. Rb2 axb4 37. Rxb4 Bc5 38. Rxb7 Ra8 39. Nf6+ Kf8 40. Rxh7 Rxa4 41.
g4 Ra1 42. g5 Rg1 43. Rb7 Rg2+ 44. Kf3 1-0

[Event "Olimpiade 2022 - Open"]
[Site "Chennai"]
[Date "07.08.2022"]
[Round "9.46"]
[Board "2"]
[White "Razanadrakotoarisoa, Toavina"]
[Black "Al-Zendani, Zendan"]
[Result "1/2-1/2"]
[BlackTitle "IM"]
[WhiteElo "2039"]
[BlackElo "2284"]
[WhiteTeam "Madagascar"]
[BlackTeam "Yemen"]
[WhiteFideId "13101439"]
[BlackFideId "9400249"]
[EventDate "2022.07.29"]

1. e4 c5 2. Nf3 Nc6 3. d4 cxd4 4. Nxd4 Nf6 5. Nc3 e5 6. Ndb5 d6 7. Nd5 Nxd5 8.
exd5 Ne7 9. c4 Nf5 10. Bd3 Be7 11. O-O a6 12. Nc3 O-O 13. Kh1 g6 14. b3 Ng7 15.
f4 exf4 16. Bxf4 f5 17. Qc2 Bf6 18. Rae1 Nh5 19. Bh6 Bg7 20. Bxg7 Nxg7 21. Ne2
Bd7 22. Qd2 Re8 23. Qb4 Qc7 24. Nd4 b6 25. Nf3 Rxe1 26. Rxe1 Re8 27. Qd2 a5 28.
Rxe8+ Bxe8 29. Qg5 Bf7 30. Qh4 Qc5 31. Qe7 h6 32. Qd8+ Kh7 33. Qf6 Qe3 34. Qxf7
Qxd3 35. Qc7 Qb1+ 36. Ng1 Qxa2 37. Qxb6 Qa3 38. Nf3 g5 39. Qe3 a4 40. Nd4 f4 41.
Qd3+ Kg8 42. Qc3 Qa2 43. h3 a3 44. Ne6 Qb2 45. Qa5 a2 46. Qd8+ Kf7 47. Qd7+ Kg8
48. Qd8+ Kf7 49. Qd7+ Kg8 50. Qd8+ Kf7 51. Qd7+ 1/2-1/2

[Event "Olimpiade 2022 - Open"]
[Site "Chennai"]
[Date "07.08.2022"]
[Round "9.48"]
[Board "1"]
[White "Thing, Bibek"]
[Black "Sanchez Alvarez, Roberto Carlos"]
[Result "1/2-1/2"]
[WhiteTitle "CM"]
[BlackTitle "IM"]
[WhiteElo "2260"]
[BlackElo "2431"]
[WhiteTeam "Nepal"]
[BlackTeam "Panama"]
[WhiteFideId "12303135"]
[BlackFideId "3508684"]
[EventDate "2022.07.29"]

1. e4 c5 2. Nf3 Nc6 3. Bb5 g6 4. O-O Bg7 5. Bxc6 bxc6 6. Nc3 e5 7. d3 Ne7 8. Be3
d6 9. Qd2 h6 10. Ne1 Rb8 11. Na4 f5 12. f3 f4 13. Bf2 g5 14. c3 Ng6 15. Nc2 g4
16. fxg4 Qg5 17. Ne1 Bxg4 18. b3 O-O 19. Nb2 Rbd8 20. Kh1 Qh5 21. Bg1 Nh4 22.
Nd1 Rd7 23. Bf2 Ng6 24. Bg1 Nh4 25. Bf2 Ng6 26. Bg1 d5 27. exd5 cxd5 28. Bxc5
Rc8 29. Bg1 e4 30. Rc1 Be2 31. Rf2 Bg4 32. Rf1 Be2 33. Rf2 Bg4 34. Rf1 Re8 35.
d4 Be2 36. Rf2 Bg4 37. Rf1 Be2 38. Rf2 Bg4 1/2-1/2

[Event "Olimpiade 2022 - Open"]
[Site "Chennai"]
[Date "07.08.2022"]
[Round "9.54"]
[Board "1"]
[White "Al Maashani, Amer"]
[Black "Ziska, Helgi Dam"]
[Result "1/2-1/2"]
[WhiteTitle "FM"]
[BlackTitle "GM"]
[WhiteElo "1947"]
[BlackElo "2549"]
[WhiteTeam "Oman"]
[BlackTeam "Faroe Islands"]
[WhiteFideId "22000100"]
[BlackFideId "7200595"]
[EventDate "2022.07.29"]

1. d4 Nf6 2. c4 g6 3. Nc3 Bg7 4. e4 d6 5. h3 Nbd7 6. Be3 e5 7. d5 Nc5 8. Qc2 a5
9. Nf3 O-O 10. g4 h5 11. g5 Nfd7 12. Be2 c6 13. O-O-O a4 14. dxc6 bxc6 15. Rxd6
Qc7 16. Rhd1 Re8 17. Nh4 Ne6 18. Rxe6 Rxe6 19. c5 a3 20. Bc4 axb2+ 21. Kb1 Nf8
22. Nf5 Re8 23. Nd6 Re7 24. Na4 Bxh3 25. Nb6 Rb8 26. Qb3 Bg4 27. f3 Be6 28. a4
Bxc4 29. Qxc4 Ne6 30. a5 Bf8 31. Bf2 Qa7 32. a6 Rc7 33. Rd2 h4 34. Be3 h3 35.
Rh2 Nxc5 36. Bxc5 Bxd6 37. Nd7 Bxc5 38. Nf6+ Kf8 39. Rxh3 Ba3 40. Rh1 Qe3 41.
Rh8+ Kg7 42. Rh7+ Kf8 43. Rh8+ Ke7 44. Nd5+ cxd5 45. Qxc7+ Ke6 46. Qc6+ Bd6 47.
Re8+ Rxe8 48. Qxe8+ Be7 49. Qc6+ Bd6 50. Qe8+ Be7 51. Qc6+ 1/2-1/2

[Event "Olimpiade 2022 - Open"]
[Site "Chennai"]
[Date "07.08.2022"]
[Round "9.61"]
[Board "4"]
[White "Rafael Chirinza"]
[Black "Pinales Roussel, Gabriel"]
[Result "1-0"]
[WhiteElo "1725"]
[BlackElo "1973"]
[WhiteTeam "Mozambique"]
[BlackTeam "Puerto Rico"]
[WhiteFideId "14800764"]
[BlackFideId "3101762"]
[EventDate "2022.07.29"]

1. d4 d5 2. Nf3 e6 3. Bf4 Nf6 4. e3 Bd6 5. Bg3 O-O 6. Bd3 c5 7. c3 Nc6 8. Nbd2
cxd4 9. exd4 h6 10. O-O Bxg3 11. hxg3 a6 12. a4 Ne8 13. Re1 Nd6 14. Nf1 Bd7 15.
Ne3 b5 16. axb5 axb5 17. Qb3 Rb8 18. Ra6 Nc4 19. Ra2 Qc7 20. Ng4 Rfc8 21. Nge5
N4xe5 22. Nxe5 Nxe5 23. Rxe5 b4 24. Re3 bxc3 25. Qxc3 Qb6 26. Qd2 Kf8 27. Bf1
Qb4 28. Rc3 Rxc3 29. bxc3 Qb1 30. Rc2 Ba4 31. Rc1 Rb2 32. Qf4 Qa2 33. c4 dxc4
34. Bxc4 Qa3 35. Bxe6 Qe7 36. d5 Bc2 37. Bg4 g5 38. Qd4 Qb7 39. Qh8+ Ke7 40.
Re1+ Kd6 41. Qf8+ 1-0

[Event "Olimpiade 2022 - Open"]
[Site "Chennai"]
[Date "07.08.2022"]
[Round "9.67"]
[Board "1"]
[White "Sixtus Gabriel"]
[Black "Darmanin, Jake"]
[Result "0-1"]
[BlackTitle "CM"]
[WhiteElo "1787"]
[BlackElo "2101"]
[WhiteTeam "Saint Lucia"]
[BlackTeam "Malta"]
[WhiteFideId "23000180"]
[BlackFideId "5601061"]
[EventDate "2022.07.29"]

1. e4 e5 2. Nf3 Nc6 3. Bc4 Bc5 4. O-O d6 5. c3 Nf6 6. d4 exd4 7. cxd4 Bb6 8. e5
dxe5 9. d5 Nd4 10. Nxe5 O-O 11. Be3 Nf5 12. Bxb6 axb6 13. Nc3 Re8 14. Re1 Nd6
15. Bb3 Bf5 16. Qd4 h6 17. Rad1 b5 18. Re3 Bh7 19. Qb4 Nd7 20. Rde1 Nxe5 21.
Rxe5 Qd7 22. f4 Bg6 23. Bd1 c6 24. Bf3 Rxe5 25. Rxe5 Rc8 26. Qc5 cxd5 27. Qxd5
b4 28. Ne4 Rc1+ 29. Kf2 Rc2+ 30. Ke3 Nf5+ 31. Kd3 Qc7 32. Bd1 Rxb2 33. g4 Ne7
34. Qd4 Bxe4+ 35. Kxe4 Rxh2 36. Bb3 Kf8 37. Qxb4 Qc6+ 38. Bd5 Qc2+ 39. Kd4 Rd2+
40. Qxd2 Qxd2+ 41. Kc5 Qxf4 0-1

[Event "Olimpiade 2022 - Open"]
[Site "Chennai"]
[Date "07.08.2022"]
[Round "9.68"]
[Board "3"]
[White "Matola Ernest"]
[Black "Isam, Gaith"]
[Result "1-0"]
[WhiteElo "1964"]
[BlackElo "1828"]
[WhiteTeam "Malawi"]
[BlackTeam "Palestine"]
[WhiteFideId "20501943"]
[BlackFideId "11504463"]
[EventDate "2022.07.29"]

1. Nf3 f5 2. d4 e6 3. g3 Nf6 4. Bg2 d5 5. O-O Bd6 6. c4 c6 7. Nc3 O-O 8. Bg5
Nbd7 9. c5 Bc7 10. b4 a6 11. a4 h6 12. Bd2 e5 13. e3 e4 14. Ne1 Qe8 15. b5 axb5
16. axb5 Rxa1 17. Qxa1 Nh7 18. f4 exf3 19. Nxf3 Ng5 20. Nxg5 hxg5 21. Qa4 Nf6
22. b6 Bd8 23. Qa8 Be7 24. Ra1 Qd7 25. Qb8 Bxc5 26. dxc5 d4 27. Nd1 dxe3 28.
Bxe3 Ng4 29. Qd6 Qe8 30. Bf2 f4 31. gxf4 gxf4 32. h3 Rf6 33. Qd2 Nxf2 34. Nxf2
f3 35. Bf1 Qe5 36. Ra8 Rf8 37. Qd6 Qg5+ 38. Kh2 Qe3 39. Ng4 Qe8 40. Qe5 Qf7 41.
Qd4 f2 42. Qc4 Be6 43. Rxf8+ Kxf8 44. Qd4 Ke8 45. Qxf2 Qh5 46. Qe3 Kd7 47. Kg3
Qd5 48. Qd3 Bf5 49. Qxd5+ cxd5 50. Bb5+ Kd8 51. Kf4 Bd7 52. Bxd7 Kxd7 53. Ke5
Kc6 54. Kd4 1-0

[Event "Olimpiade 2022 - Open"]
[Site "Chennai"]
[Date "07.08.2022"]
[Round "9.69"]
[Board "4"]
[White "Tchouka, Yakini"]
[Black "Gabriel, Davidson"]
[Result "0-1"]
[WhiteElo "1934"]
[BlackElo "1915"]
[WhiteTeam "Togo"]
[BlackTeam "Haiti"]
[WhiteFideId "21201382"]
[BlackFideId "11901284"]
[EventDate "2022.07.29"]

1. e4 e5 2. Nf3 Nc6 3. Bc4 Bc5 4. d3 h6 5. c3 Nf6 6. O-O Qe7 7. b4 Bb6 8. a4 a6
9. Be3 Ba7 10. Nbd2 d6 11. Bxa7 Nxa7 12. d4 O-O 13. dxe5 dxe5 14. Qe2 Bg4 15. h3
Bh5 16. Rfd1 a5 17. b5 Nc8 18. Nf1 Nb6 19. Bb3 Bxf3 20. Qxf3 g6 21. Ne3 Kg7 22.
Nd5 Nfxd5 23. exd5 Rad8 24. Qe3 Qd6 25. c4 Nd7 26. h4 f5 27. Re1 Nc5 28. Bc2
Rde8 29. g3 f4 30. Qc3 b6 31. Re2 h5 32. Rae1 Nd7 33. Re4 fxg3 34. Qxg3 Rf6 35.
Qg5 Ref8 36. f4 Rxf4 37. Rxf4 Rxf4 38. Kh1 Rg4 39. Qd8 Rxc4 40. Be4 Nc5 41. Qxd6
cxd6 42. Bb1 0-1

[Event "Olimpiade 2022 - Open"]
[Site "Chennai"]
[Date "07.08.2022"]
[Round "9.70"]
[Board "3"]
[White "Kalidjo, Imaan"]
[Black "Neto, Roberto"]
[Result "1-0"]
[WhiteElo "1819"]
[BlackElo "1663"]
[WhiteTeam "Suriname"]
[BlackTeam "Guyana"]
[WhiteFideId "8202478"]
[BlackFideId "19700318"]
[EventDate "2022.07.29"]

1. b3 e5 2. Bb2 Nc6 3. e3 Nf6 4. Bb5 d6 5. d4 exd4 6. exd4 a6 7. Bxc6+ bxc6 8.
Nc3 Be7 9. Qd3 Bd7 10. Nf3 Nd5 11. O-O O-O 12. Ne2 Qc8 13. c4 Bf5 14. Qd2 Nf6
15. Ng3 Ne4 16. Qf4 Nxg3 17. fxg3 Bf6 18. Ne5 Bd7 19. Nd3 c5 20. dxc5 Bxb2 21.
Nxb2 dxc5 22. Nd3 Qb7 23. Nxc5 Qb6 24. Qf2 Bc6 25. Rae1 f6 26. Ne6 Qxf2+ 27.
Kxf2 Rf7 28. Rd1 Re7 29. Nd4 Be4 30. Rfe1 Rae8 31. Nf3 Kf7 32. Nd2 Bc6 33. Rxe7+
Rxe7 34. Nf3 Be4 35. Re1 Bg6 36. Rxe7+ Kxe7 37. Ke3 c5 38. Kd2 Kd6 39. Kc3 a5
40. a3 Be4 41. b4 cxb4+ 42. axb4 axb4+ 43. Kxb4 g5 44. g4 h6 45. c5+ Kd7 46. Kb5
Kc7 47. Kc4 f5 48. gxf5 Bxf5 49. Kd5 Bd3 50. Nd4 Bf1 51. g3 Bg2+ 52. Ke5 h5 53.
Kf5 Bh3+ 54. Kxg5 Bg4 55. h3 Bxh3 56. Kxh5 Kd7 57. g4 Bg2 58. g5 Ke7 59. g6 Bd5
60. Kh6 Bg8 61. Kg7 Bd5 62. Kh8 Kf6 63. g7 Ke5 64. g8=Q Bxg8 65. Kxg8 1-0

[Event "Olimpiade 2022 - Open"]
[Site "Chennai"]
[Date "07.08.2022"]
[Round "9.71"]
[Board "3"]
[White "Khoa, Goodwill"]
[Black "Badji, Sekou Aransbene"]
[Result "1-0"]
[WhiteElo "1850"]
[BlackElo "1732"]
[WhiteTeam "Namibia"]
[BlackTeam "Senegal"]
[WhiteFideId "15200264"]
[BlackFideId "19900074"]
[EventDate "2022.07.29"]

1. d4 Nf6 2. Nf3 c6 3. c4 d6 4. Nc3 Bg4 5. e4 Qc7 6. Be2 Nbd7 7. O-O e5 8. h3
Bh5 9. Be3 Be7 10. Qd2 O-O 11. Rac1 Rfe8 12. Nh2 Bg6 13. Bd3 Bf8 14. Rfe1 exd4
15. Bxd4 c5 16. Nd5 Nxd5 17. cxd5 f6 18. b3 Ne5 19. Bb1 b5 20. Bb2 a5 21. f4 Nd7
22. Nf3 a4 23. Nd4 Qb6 24. Ne6 Bf7 25. Re3 Bxe6 26. dxe6 Rxe6 27. Qd5 Re8 28. f5
Ne5 29. fxe6 Kh8 30. Rg3 a3 31. Bc3 Qa7 32. Rf1 Be7 33. Bxe5 dxe5 34. Qd7 Qb8
35. Bd3 c4 36. bxc4 bxc4 37. Bxc4 Bc5+ 38. Kh2 Re7 39. Qd5 Qc8 40. Ba6 1-0

[Event "Olimpiade 2022 - Open"]
[Site "Chennai"]
[Date "07.08.2022"]
[Round "9.72"]
[Board "1"]
[White "Ortega Amarelle, Mariano"]
[Black "Moncur, Cecil"]
[Result "1-0"]
[WhiteTitle "IM"]
[BlackTitle "FM"]
[WhiteElo "2463"]
[BlackElo "1815"]
[WhiteTeam "Cape Verde"]
[BlackTeam "Bahamas"]
[WhiteFideId "3504301"]
[BlackFideId "10400583"]
[EventDate "2022.07.29"]

1. e4 c5 2. Nf3 e6 3. d4 cxd4 4. Nxd4 Nf6 5. Nc3 Nc6 6. Nxc6 bxc6 7. e5 Nd5 8.
Ne4 Qc7 9. f4 Qb6 10. c4 Bb4+ 11. Ke2 f5 12. Nf2 Bc5 13. Nd3 Ne3 14. Qb3 Nxf1
15. Qxb6 Ng3+ 16. hxg3 Bxb6 17. Be3 Ba6 18. b3 Ke7 19. Bc5+ Kf7 20. a4 h6 21. a5
Bc7 22. Bd6 Bd8 23. Nc5 Bc8 24. a6 Bb6 25. Nb7 Ke8 26. b4 h5 27. b5 g6 28. Rhb1
Rh7 29. c5 Bd8 30. b6 h4 31. Nxd8 axb6 32. cxb6 Bxa6+ 33. Rxa6 Rxa6 34. b7 hxg3
35. b8=Q Ra2+ 36. Kd3 1-0

[Event "Olimpiade 2022 - Open"]
[Site "Chennai"]
[Date "07.08.2022"]
[Round "9.72"]
[Board "2"]
[White "Knowles, Kendrick"]
[Black "Teixeira, Gil"]
[Result "1-0"]
[WhiteTitle "CM"]
[WhiteElo "1907"]
[BlackElo "1741"]
[WhiteTeam "Bahamas"]
[BlackTeam "Cape Verde"]
[WhiteFideId "10400451"]
[BlackFideId "23600381"]
[EventDate "2022.07.29"]

1. d4 d5 2. Nf3 Bf5 3. g3 Nf6 4. Bg2 e6 5. O-O Be7 6. c4 c6 7. Nc3 O-O 8. h3 h6
9. b3 Nbd7 10. Bb2 a5 11. Nd2 Re8 12. Kh2 Rb8 13. a4 Qc7 14. Rc1 Qb6 15. e3 Qd8
16. f3 Bd6 17. e4 Nh5 18. f4 Bg6 19. e5 Bc7 20. Bf3 Nxf4 21. gxf4 Qh4 22. Ne2
Bf5 23. Bg2 Bd8 24. Nf3 Qe7 25. Qd2 b5 26. c5 bxa4 27. bxa4 Rb4 28. Bc3 Rxa4 29.
Ra1 Rc4 30. Bxa5 Rc2 31. Qd1 Bxa5 32. Rxa5 Rb2 33. Ng3 Bh7 34. Qa1 Reb8 35. Ra8
Rb5 36. Qa7 Rxa8 37. Qxa8+ Nb8 38. Ra1 g5 39. fxg5 hxg5 40. Ra7 Qd8 41. Nh5 Bg6
42. Rd7 Qf8 43. Nf6+ Kg7 44. Rb7 Bf5 45. Nxg5 Rxb7 46. Qxb7 Kg6 47. h4 Kg7 48.
Bh3 Kg6 49. Nxe6 Bxe6 50. Bxe6 Na6 51. Qb1+ Kh6 52. Qh7# 1-0

[Event "Olimpiade 2022 - Open"]
[Site "Chennai"]
[Date "07.08.2022"]
[Round "9.79"]
[Board "3"]
[White "Dlamini Simphiwe"]
[Black "Ndiaye, Amadou"]
[Result "1-0"]
[WhiteElo "1569"]
[BlackElo "1968"]
[WhiteTeam "Eswatini"]
[BlackTeam "Mali"]
[WhiteFideId "20701217"]
[BlackFideId "19800193"]
[EventDate "2022.07.29"]

1. e4 c5 2. Nf3 g6 3. d4 cxd4 4. Nxd4 Bg7 5. Be3 Nc6 6. Nc3 a6 7. Qd2 d6 8. Bc4
Ne5 9. Be2 Bd7 10. h3 b5 11. b3 Rc8 12. Rc1 e6 13. O-O Qc7 14. Ncxb5 axb5 15. f4
Nf6 16. fxe5 Nxe4 17. Nxb5 Nxd2 18. Nxc7+ Rxc7 19. Bxd2 Bxe5 20. Bf4 Bd4+ 21.
Kh2 e5 22. Bd2 Bb2 23. Ba5 Rc8 24. Rcd1 Ke7 25. Bb4 Rc6 26. a4 Bd4 27. Bb5 Rb6
28. Rfe1 Be6 29. c3 Bf2 30. Rxe5 Rhb8 31. Re2 Bh4 32. c4 Kf8 33. Bxd6+ Rxd6 34.
Rxd6 Be7 35. Rdxe6 fxe6 36. Rxe6 Kf7 37. Re2 Bb4 38. g3 Rb7 39. Bc6 Rb6 40. Bd5+
Kf6 41. Rc2 Bc5 42. Rc3 Bb4 43. Rd3 Ke5 44. Kg2 Rd6 45. Kf3 Rf6+ 46. Ke2 Bc5 47.
Bf3 Rd6 48. a5 Rxd3 49. Kxd3 Bb4 50. a6 Kd6 1-0

[Event "Olimpiade 2022 - Open"]
[Site "Chennai"]
[Date "07.08.2022"]
[Round "9.80"]
[Board "1"]
[White "Naipal, Hoolan"]
[Black "Kamara, Ansumana"]
[Result "1/2-1/2"]
[WhiteTitle "CM"]
[BlackTitle "CM"]
[WhiteElo "1785"]
[BlackElo "1896"]
[WhiteTeam "Mauritius"]
[BlackTeam "Sierra Leone"]
[WhiteFideId "9700382"]
[BlackFideId "1622218"]
[EventDate "2022.07.29"]

1. e4 e5 2. Nf3 Nc6 3. Bb5 a6 4. Ba4 Nf6 5. O-O b5 6. Bb3 Be7 7. Re1 d6 8. c3
Bg4 9. h3 Bh5 10. d3 O-O 11. a4 Na5 12. Bc2 c5 13. Nbd2 Nc6 14. axb5 axb5 15.
Rxa8 Qxa8 16. Nf1 Qb7 17. Ng3 Bg6 18. Nh4 h6 19. Nhf5 Re8 20. Qf3 b4 21. Nxe7+
Qxe7 22. Nf5 Qe6 23. g4 b3 24. Bd1 Nh7 25. h4 f6 26. Ne3 Rb8 27. Nc4 Bf7 28. Qg3
Qe7 29. Ne3 Be6 30. Nf5 Bxf5 31. gxf5 Kh8 32. Kh2 Qf7 33. Rg1 Rg8 34. Be3 Nf8
35. d4 cxd4 36. cxd4 exd4 37. Bf4 Na5 38. Bxd6 Nd7 39. Bb4 Nc4 40. Bxb3 Rc8 41.
Rc1 Nde5 42. f4 Rb8 43. fxe5 Rxb4 44. e6 Qb7 45. Rxc4 Rxb3 46. Rc8+ Qxc8 47.
Qxb3 Qc7+ 48. Kh3 Qc1 49. e7 Qh1+ 50. Kg3 Qe1+ 51. Kf3 Qh1+ 52. Kg3 Qe1+ 53. Kf3
Qh1+ 54. Kg3 Qe1+ 1/2-1/2

[Event "Olimpiade 2022 - Open"]
[Site "Chennai"]
[Date "08.08.2022"]
[Round "10.1"]
[Board "1"]
[White "Gukesh, D"]
[Black "Abdusattorov, Nodirbek"]
[Result "0-1"]
[WhiteTitle "GM"]
[BlackTitle "GM"]
[WhiteElo "2684"]
[BlackElo "2688"]
[WhiteTeam "India 2"]
[BlackTeam "Uzbekistan"]
[WhiteFideId "46616543"]
[BlackFideId "14204118"]
[EventDate "2022.07.29"]

1. d4 Nf6 2. c4 e6 3. Nf3 d5 4. Nc3 Bb4 5. Qa4+ Nc6 6. e3 O-O 7. Bd2 a5 8. a3
Bxc3 9. Bxc3 Ne7 10. Qc2 b6 11. b3 Ba6 12. a4 Ne4 13. Bb2 Nc6 14. Ba3 Nb4 15.
Bxb4 axb4 16. Bd3 Nf6 17. O-O c5 18. dxc5 bxc5 19. e4 dxe4 20. Bxe4 Ra7 21. Ne5
Qd6 22. Rfe1 Nxe4 23. Qxe4 Rd8 24. Qf3 Qc7 25. Rad1 Raa8 26. Rxd8+ Rxd8 27. Rd1
Rc8 28. Qg3 h5 29. h3 Rd8 30. Rxd8+ Qxd8 31. Nd3 h4 32. Qe3 Bb7 33. f3 Qd6 34.
Kf1 e5 35. Nxc5 Bc8 36. Ke1 Bf5 37. a5 Qc7 38. a6 Bc8 39. Nd3 Bxa6 40. Qxe5 Qb6
41. Nc5 Qa5 42. Kd1 Qd8+ 43. Kc2 Bc8 44. Ne4 Be6 45. Kb2 Qa8 46. Nc5 Qa3+ 47.
Kb1 g6 48. Kc2 Qa2+ 49. Qb2 Bf5+ 50. Ne4 Qa7 51. Kd3 Qg1 52. Qc2 Qc5 53. Qd2 Qg1
54. Kc2 Qa1 55. Kd3 Qg1 56. Qe2 Qa7 57. Qe3 Qa2 58. Kd4 Qxg2 59. Ng5 f6 60. Qe8+
Kg7 61. Qe7+ Kh6 62. Nf7+ Kh5 63. Kc5 Qxf3 64. Qxf6 Qe3+ 65. Kxb4 Bxh3 66. Ne5
Qd2+ 67. Kb5 Bd7+ 68. Kc5 Qe3+ 69. Kb4 Bf5 70. Qh8+ Qh6 71. Qd8 Qg7 72. Nf3 Qb7+ 0-1

[Event "Olimpiade 2022 - Open"]
[Site "Chennai"]
[Date "08.08.2022"]
[Round "10.1"]
[Board "2"]
[White "Yakubboev, Nodirbek"]
[Black "Nihal, Sarin"]
[Result "1/2-1/2"]
[WhiteTitle "GM"]
[BlackTitle "GM"]
[WhiteElo "2620"]
[BlackElo "2651"]
[WhiteTeam "Uzbekistan"]
[BlackTeam "India 2"]
[WhiteFideId "14203987"]
[BlackFideId "25092340"]
[EventDate "2022.07.29"]

1. e4 c6 2. Nf3 d5 3. Nc3 dxe4 4. Nxe4 Nf6 5. Nxf6+ exf6 6. Bc4 Bd6 7. Qe2+ Qe7
8. Qxe7+ Kxe7 9. O-O Re8 10. Re1+ Kf8 11. Rxe8+ Kxe8 12. d4 Bf5 13. c3 Nd7 14.
Bf1 Be6 15. c4 f5 16. b3 Nf6 17. Bb2 Be7 18. Re1 h6 19. Bd3 Rd8 20. Nh4 f4 21.
Bf5 g5 22. Ng6 fxg6 23. Bxe6 Kf8 24. g3 Ne8 25. Re4 Nd6 26. Re2 Bf6 27. Kg2 Nf5
28. Bxf5 gxf5 29. gxf4 Bxd4 30. Rd2 Bf6 31. Rxd8+ Bxd8 32. fxg5 hxg5 33. h3 Bc7
34. Bc1 g4 35. hxg4 fxg4 36. f4 gxf3+ 37. Kxf3 Ke7 38. Ke4 Ke6 39. Be3 a6 40. a4
b5 41. axb5 axb5 42. cxb5 cxb5 43. Kd4 Bb6+ 44. Ke4 Bc7 45. Kd4 Bb6+ 46. Ke4 Bc7 1/2-1/2

[Event "Olimpiade 2022 - Open"]
[Site "Chennai"]
[Date "08.08.2022"]
[Round "10.2"]
[Board "1"]
[White "Mamedyarov, Shakhriyar"]
[Black "Sargissian, Gabriel"]
[Result "0-1"]
[WhiteTitle "GM"]
[BlackTitle "GM"]
[WhiteElo "2759"]
[BlackElo "2698"]
[WhiteTeam "Azerbaijan"]
[BlackTeam "Armenia"]
[WhiteFideId "13401319"]
[BlackFideId "13300881"]
[EventDate "2022.07.29"]

1. d4 d5 2. c4 e6 3. Nf3 Nf6 4. Nc3 Be7 5. Bf4 O-O 6. e3 Nbd7 7. c5 c6 8. b4 b6
9. h4 a5 10. a3 Ba6 11. Bxa6 Rxa6 12. b5 cxb5 13. c6 Qc8 14. c7 b4 15. Nb5 a4
16. Qc2 b3 17. Qe2 Ra8 18. Rc1 Qa6 19. Nd6 b5 20. Nxb5 Rfc8 21. Nd2 Qb6 22. Nb1
Ra5 23. N5c3 Bd6 24. Bxd6 Qxd6 25. O-O Qxc7 26. Na2 Qb7 27. Rxc8+ Qxc8 28. Rc1
Qb7 29. Nb4 Ra8 30. f3 Rc8 31. Rc3 h5 32. Kf2 Rc7 33. Qa6 Qxa6 34. Nxa6 Rb7 35.
Rc6 Ne8 36. Ke2 Kf8 37. e4 Rb6 38. Rxb6 Nxb6 39. e5 Ke7 40. Kd3 Kd8 41. Nc5 Nc7
42. Nc3 Nc4 43. g4 g6 44. gxh5 gxh5 45. f4 Ke7 46. N3xa4 b2 47. Kc2 Nb5 48. Nxb2
Nbxa3+ 49. Kb3 Nxb2 50. Kxb2 Nc4+ 51. Kc3 Ne3 52. f5 Nxf5 53. Nd3 Kf8 54. Nf4
Ng3 55. Kd3 Kg7 56. Ke3 Kh6 57. Kd3 Nf5 58. Ng2 Ne7 59. Ke3 Ng6 60. Kf3 Kg7 61.
Ke3 f6 62. exf6+ Kxf6 63. Kf2 e5 64. Ke3 Kf5 65. Ne1 e4 66. Ng2 Kg4 67. Kf2 Nf4 0-1

[Event "Olimpiade 2022 - Open"]
[Site "Chennai"]
[Date "08.08.2022"]
[Round "10.3"]
[Board "1"]
[White "Caruana, Fabiano"]
[Black "Yilmaz, Mustafa"]
[Result "1-0"]
[WhiteTitle "GM"]
[BlackTitle "GM"]
[WhiteElo "2783"]
[BlackElo "2634"]
[WhiteTeam "United States of America"]
[BlackTeam "Turkey"]
[WhiteFideId "2020009"]
[BlackFideId "6302718"]
[EventDate "2022.07.29"]

1. e4 c5 2. Nf3 d6 3. d4 cxd4 4. Nxd4 Nf6 5. Nc3 a6 6. f3 e5 7. Nb3 Be6 8. Be3
Be7 9. Qd2 O-O 10. O-O-O Nbd7 11. g4 b5 12. g5 Nh5 13. Kb1 Nb6 14. Qf2 Nc4 15.
Bxc4 bxc4 16. Na5 Rc8 17. Nd5 Bxd5 18. Rxd5 Bxg5 19. Bxg5 Qxg5 20. Rxd6 f5 21.
Nc6 Rce8 22. Qc5 Kh8 23. Nxe5 Qf4 24. Nd7 Qxf3 25. Rc1 Nf6 26. Nxf8 Nxe4 27. Re6
Rb8 28. Qe5 1-0